000 00555nam a2200181 i 4500
001 29044
003 ES-MaACL
005 20230906153953.0
007 t|
008 030120s1955 cu ||||1| spa d
100 1 _aBallagas, Emilio.
_924965
245 1 0 _aObra poética /
_cde Emilio Ballagas ; con un ensayo preliminar de Cintio Vitier.
260 _aLa Habana :
_b[s.n.,
_c1955] (
_fImp. Ucar García)
300 _aXLI, 313 p. ;
_c20 cm.
500 _aEdición póstuma.
700 1 _aVitier, Cintio.
_9115513
852 _aES-MaACL
_jC-11397
_bR.38328
999 _c29044
_d29044